000 02360nam0a2200397 4500
001 RU\NLR\BIBL_A\012471001
005 20210326130926.0
010 _a978-5-907244-94-8
_9500
021 _aRU
_bКН-П-20-069114
_9КН-П-20-5205
035 _a(NLR Aleph) 012471001
035 _a(RuMoRGB)010470497
090 _a12079496
_c12079496
100 _a20210311d2020 u y0rusy50 ca
101 0 _arus
102 _aRU
105 _aa|||j|||000zy
181 0 _ai
_baxxe
182 0 _an
200 1 _aМинимизация риска воздействия кибератак в условиях применения технологий дистанционного банковского обслуживания
_eучебное пособие
_fП.В. Ревенков, А.А. Бердюгин, И.В. Ожеред
_gФедеральное государственное образовательное бюджетное учреждение высшего образования "Финансовый университет при Правительстве Российской Федерации" (Финансовый университет)
203 _aТекст
_bвизуальный
_cнепосредственный
210 _aМосква
_cПрометей
_d2020
215 _a213 с.
_cил., табл.
_d20
320 _aБиблиогр.: с. 208-213 (52 назв.) и в подстроч. примеч.
606 1 _aБанки
_xИнформационные технологии
_xОбеспечение безопасности
_jУчебные издания для высших учебных заведений
_2nlr_sh2
_3RU\NLR\AUTH\661599941
606 1 _aБанки
_xИнформационная безопасность
_jУчебные издания для высших учебных заведений
_2nlr_sh2
_3RU\NLR\AUTH\661532763
686 1 _aУ26(2)210в612я73
686 1 _aХ623.212.321я73
686 1 _aХ621.162я73
700 1 _aРевенков
_bП. В.
_gПавел Владимирович
701 1 _aБердюгин
_bА. А.
_gАлександр Александрович
701 1 _aОжеред
_bИ. В.
_gИгорь Вячеславович
942 _cBOOK
980 _aNBR
980 _aNB